Використання дидактичної гри на заняттях з англійської мови для дітей дошкільного віку (Запис № 285957)
[ простий вигляд ]
| 000 -Лідер | |
|---|---|
| fixed length control field | 02210nam a22002297a 4500 |
| 001 - Контрольний номер | |
| control field | 216222712 |
| 003 - Ідентифікатор контрольного номера | |
| control field | UA-OsUOA |
| 005 - Дата та час останнього входження (трансакції) | |
| control field | 20220824162817.0 |
| 008 - Елементи даних фіксованої довжини – загальна інформація | |
| fixed length control field | 220824b un ||||f |||| 00| 0 ukr d |
| 040 ## - Джерело каталогізації | |
| Агенція оригінальної каталогізації | UA-OsUOA |
| Мова каталогізації | ukr |
| Агенція, яка здійснювала перезапис | UA-OsUOA |
| Агенція, яка здійснювала модифікацію | UA-OsUOA |
| 041 ## - Код мови | |
| Код мови тексту/ звукової доріжки чи окремого заголовка (П) | ukr |
| 080 ## - Індекс Універсальної десяткової класифікації | |
| Індекс Універсальної десяткової класифікації (УДК) (НП) | 371.3 |
| 090 ## - Локальний шифр розміщення | |
| Класифікаційний індекс УДК | 371.3 |
| Авторський знак (НП) | К78 |
| 100 ## - Основне введення – ім’я особи | |
| Ім’я особи (НП) | Красовська А. І. |
| 245 ## - Відомості про назву | |
| Назва (НП) | Використання дидактичної гри на заняттях з англійської мови для дітей дошкільного віку |
| Дані про відповідальність (НП) | Красовська А. І. |
| 260 ## - Публікація, розповсюдження і т.п. (Вихідні дані) | |
| Місце публікації, розповсюдження і т.п. (П) | Острог |
| Ім’я/ наймення видавництва, розповсюджувача і т.п. (П) | КАФ |
| Дата публікації, розповсюдження і т.п. (П) | 2017 |
| 300 ## - Фізичний опис | |
| Обсяг | 46 с. |
| 520 ## - Резюме і т.п. | |
| Резюме, реферат, анотація, тощо (НП) | Вступ.<br/>Розділ І. Теоретичні засади використання дидактичної гри у процесі навчання англійської мови дітей дошкільного віку.<br/>1.1. Вікові особливості дітей дошкільного віку у процесі вивчення англійської мови<br/>1.2. Дидактична гра як форма і метод у процесі вивчення іноземної мови у дошкільному віці<br/>1.3. Дидактичні ігри у процесі формування англомовних навичок у дітей дошкільного віку<br/>Розділ ІІ. Методика використання дидактичних ігор у процесі вивчення англійської мови на заняттях для дітей дошкільного віку.<br/>2.1. Групи ігор для формування фонетичних, лексичних, граматичних, техніки читання та графічних навичок дітей дошкільного віку<br/>2.2. Фрагменти занять для формування англомовних навичок у дітей дошкільного віку на основі дидактичних ігор<br/>Висновки.<br/>Список використаних джерел.<br/>Додатки. |
| 650 ## - Додаткове предметне введення – тематичний термін | |
| Тематичний термін чи географічна назва, як елемент введення (НП) | 371.3 Методи та форми навчання |
| Джерело заголовка чи терміна | UDC |
| 942 ## - Додаткові елементи входу (Коха) | |
| Тип елемента Koha | Книги |
| Source of classification or shelving scheme | Universal Decimal Classification |
| 955 ## - Код типу видання за змістом | |
| Код типу видання за змістом (НП) | Наукові видання |
| Стан вилучень | Стан втрат | Джерело класифікації або схеми стелажів | Стан уражень | Не для кредиту | Постійне місце розташування | Поточне розміщення | Дата придбання | Джерело придбання | Вартість, звичайна ціна покупки | Повний номер виклику | Штрих-код | Дата останнього перегляду | Вартість, ціна заміни | Ціна ефективна від | Тип елемента Koha | Примітка, призначена для загального доступу |
|---|---|---|---|---|---|---|---|---|---|---|---|---|---|---|---|---|
| Universal Decimal Classification | ВІЛ - Відділ іноземн. літератури НБ | ВІЛ - Відділ іноземн. літератури НБ | 27/06/2017 | Акт №02/17 | 1.00 | 371.3 К78 | 216035 | 10/11/2021 | 1.00 | 27/06/2017 | Книги | Дипломна робота (бакалавр) |